Minnesota Wild Roster - Statistics

General Stats
  • This quiz has been taken 113 times
    12 since last reset
  • The average score is 19 of 30
Answer Stats
Position Number Answer % Correct
Defenseman 7 Brock Faber
100%
Left Wing 17 Marcus Foligno
100%
Left Wing 12 Matt Boldy
100%
Left Wing 71 Nick Foligno
100%
Defenseman 43 Quinn Hughes
100%
Goaltender 32 Filip Gustavsson
90%
Defenseman 46 Jared Spurgeon
90%
Goaltender 30 Jesper Wallstedt
90%
Left Wing 97 Kirill Kaprizov
90%
Center 14 Joel Eriksson Ek
80%
Left Wing 36 Mats Zuccarello
80%
Right Wing 38 Ryan Hartman
80%
Defenseman 5 Jacob Middleton
70%
Right Wing 91 Vladimir Tarasenko
70%
Defenseman 48 Daemon Hunt
60%
Right Wing 22 Danila Yurov
60%
Defenseman 25 Jonas Brodin
60%
Right Wing 10 Bobby Brink
50%
Center 90 Marcus Johansson
50%
Right Wing 47 Michael McCarron
50%
Center 13 Yakov Trenin
50%
Defenseman 24 Zach Bogosian
50%
Left Wing 28 Liam Ohgren
40%
Center 78 Nico Sturm
40%
Center 23 Marco Rossi
30%
Defenseman 8 Zeev Buium
30%
Defenseman 55 David Jiříček
20%
Center 15 Ben Jones
10%
Center 71 Tyler Pitlick
10%
Center 18 Vinnie Hinostroza
0%
No matching quizzes found
Score Distribution
Percent of People with Each Score
Percentile by Number Answered
Your Score History
You have not taken this quiz since the last reset